Regular boundary value problems associated with pairs of ordinary differential expressions

Đã lưu trong:
Chi tiết về thư mục
Những tác giả chính: Coddington, Earl A (Tác giả), Snoo, hendrik S. V (Tác giả)
Định dạng: Sách
Ngôn ngữ:Tiếng Anh
Được phát hành: Berlín Springer 1981
Loạt:Lecture Notes in Mathematics, 858
Những chủ đề:
Các nhãn: Thêm thẻ
Không có thẻ, Là người đầu tiên thẻ bản ghi này!

MARC

LEADER 00000nam a2200000 a 4500
001 UCP2093
003 CL-VaPUC
008 990507e19810000GW |||||||||||||||||eng|d
082 0 4 |a 515.35  |b COD  |2 21 
100 0 |a Coddington, Earl A  |e author  |9 428555 
700 0 |a Snoo, hendrik S. V  |e author  |9 428556 
245 1 0 |a Regular boundary value problems associated with pairs of ordinary differential expressions 
300 |a 225 p 
942 |c BK 
945 |d 19990507 00:00:00  |a rbrito 
260 |a Berlín  |b Springer  |c 1981 
650 0 |a Ecuaciones diferenciales  |9 260083 
650 0 |a Matrices   |9 22 
583 |a last modification  |c 19990507 00:00:00  |k Rodrigo Vera 
490 0 |a Lecture Notes in Mathematics, 858 
999 |c 280689  |d 280687 
952 |0 0  |1 0  |4 0  |6 515_350000000000000_COD_1981  |7 0  |8 A  |9 321153  |a BIBMAT  |b BIBMAT  |d 2019-11-20  |i 3506029  |o 515.35 COD 1981  |p 3506029  |r 2025-01-07  |w 2019-11-20  |y BK  |k MAT